Asian Geography by Letter - V - Statistics

General Stats
  • This quiz has been taken 89 times
  • The average score is 7 of 20
Answer Stats
Hint Answer % Correct
Southeast Asian country which unified in 1976 after a war Vietnam
99%
Capital of Laos Vientiane
92%
Largest Russian city on the Pacific coast Vladivostok
89%
Nintendo and Sega are major Japanese companies in this industry video games
88%
India has a higher percentage of people with this dietary lifestyle than any other country vegetarianism
84%
City on the Ganges River in India that is one of the world's oldest continually inhabited cities and is an important Hindu pilgrimage site Varanasi
59%
Main harbour of Hong Kong Victoria Harbour
49%
City, province, and lake in eastern Turkey Van
47%
Oldest known Sanskrit literature and the oldest Hindu scriptures Vedas
40%
City in Gujarat, India, where the Lakshmi Vilas Palace is located Vadodara
21%
Largest city in the Indian state of Andhra Pradesh Visakhapatnam
14%
Island group in the Philippines, between Luzaon and Mindanao Visayas
14%
Second largest city in Andhra Pradesh Vijayawada
12%
Third largest city in Armenia Vanadzor
7%
First level administrative divisions of the Ottoman Empire vilayet
7%
Current king of Thailand Vajiralongkorn
4%
City of 700,000 in Metro Manila, Philippines Valenzuela
4%
River that flows west to east in Siberia, before joing with the Lena Vilyuy
1%
Armenian province with the smallest population Vayots Dzor
0%
Empire that ruled much of southern India from 1336-1646 Vijayanagara Empire
0%
No matching quizzes found
Score Distribution
Percent of People with Each Score
Percentile by Number Answered
Your Score History
You have not taken this quiz